00759nam a2200169 a 450000100100000000500170001000800410002704000250006808200160009310000380010924501080014726000670025530000200032295201130034295201190045599900150057400000519420200929151614.0090813s1957 dr 000 0 spa d aDO-SdBNPbspacBNPHU axxxxbG216f1 aGarcía Bonnelly, Juan U.91485913aLa formación del espíritu agrícola dominicano en la era de Trujillo /cJuan U. García Bonnelly. aCiudad Trujillo, Santo Domingo :bimpresora Dominicana,c1957. a30 p. ;c22 cm. 0010718PDaPDbPDcCTd2009-08-13iLF1l0oxxxx G216fp5194-10r2020-06-25w2020-06-25yLFPDZNo se presta 0010718PDaPDbPDcCTd2009-08-13iLF1l0oxxxx G216fp5194-20r2020-06-25te. 2w2020-06-25yLFPDZNo se presta c4996d4996